| 000 | 00585cam a2200145 4500500 | ||
|---|---|---|---|
| 005 | 20260208010154.0 | ||
| 041 | _afre | ||
| 042 | _adc | ||
| 100 | 1 | 0 |
_aVibert, Bertrand _eauthor |
| 245 | 0 | 0 | _aL'entre-deux de Risibles Amours et du Livre du rire et de l'oubli de Milan Kundera : recueils de nouvelles ou romans ? |
| 260 | _c2014. | ||
| 500 | _a65 | ||
| 786 | 0 | _nRevue d'histoire littéraire de la France | 114 | 4 | 2014-12-01 | p. 911-932 | 0035-2411 | |
| 856 | 4 | 1 | _uhttps://shs.cairn.info/revue-d-histoire-litteraire-de-la-france-2014-4-page-911?lang=fr&redirect-ssocas=7080 |
| 999 |
_c1655423 _d1655423 |
||